What would it be worth if...? (Record no. 69840)

MARC details
000 -LEADER
fixed length control field 01150cam a2200205 4500
001 - CONTROL NUMBER
control field ABS65242
008 - FIXED-LENGTH DATA ELEMENTS--GENERAL INFORMATION
fixed length control field 020326n2002 000 0 eng u
035 ## - SYSTEM CONTROL NUMBER
System control number (Sirsi) u117241
100 ## - MAIN ENTRY--PERSONAL NAME
Personal name Bell, C.
245 ## - TITLE STATEMENT
Title What would it be worth if...?
260 ## - PUBLICATION, DISTRIBUTION, ETC.
Date of publication, distribution, etc. 2002
490 ## - SERIES STATEMENT
Series statement Estates Gazette
Volume/sequential designation (0209) 2 March 2002, 212-213(2)
520 ## - SUMMARY, ETC.
Summary, etc. The system of compulsory purchase and compensation is being looked at in order to make the system fairer, simpler and quicker. Currently compensation is assessed by the Pointe Gourde rule where the scheme is assumed not to exist. However, the recent case involving Fletcher Estates (Harlescott) Ltd, has introduced a new approach, which relies on the cancellation of the scheme at the relevant date and the reconstruction of a no-acquisition world for the value for compensation.
590 ## - LOCAL NOTE (RLIN)
Local note ABS
650 ## - SUBJECT ADDED ENTRY--TOPICAL TERM
Topical term or geographic name entry element FLETCHER ESTATES (HARLESCOTT) LTD V SOS ENVIRONMENT
650 ## - SUBJECT ADDED ENTRY--TOPICAL TERM
Topical term or geographic name entry element POINTE GOURDE QUARRYING AND TRANSPORT CO LTD V CROWN LANDS SUPERINTENDENT
650 ## - SUBJECT ADDED ENTRY--TOPICAL TERM
Topical term or geographic name entry element VALUATIONS
690 ## - LOCAL SUBJECT ADDED ENTRY--TOPICAL TERM (OCLC, RLIN)
Topical term or geographic name as entry element ENVIRONMENTAL AND LAND CONSULTANCY-PLANNING AND DEVELOPMENT-COMPULSORY PURCHASE AND COMPENSATION
942 ## - ADDED ENTRY ELEMENTS (KOHA)
Suppress in OPAC 0
Holdings
Withdrawn status Lost status Source of classification or shelving scheme Damaged status Not for loan Home library Current library Shelving location Date acquired Total Checkouts Full call number Barcode Date last seen Copy number Price effective from Koha item type
    Dewey Decimal Classification     London London Journal article 26/03/2002   ABS65242 117241-1001 06/08/2019 1 06/08/2019 Journal article